Praxis /
Gespeichert in:
| Körperschaft: | |
|---|---|
| Format: | Buch |
| Sprache: | Spanish |
| Veröffentlicht: |
Heredia, Costa Rica:
UNA
1975-
|
| Schlagworte: | |
| Online Zugang: | http://www.revistas.una.ac.cr/index.php/praxis |
| Tags: |
Tag hinzufügen
Keine Tags, Fügen Sie den ersten Tag hinzu!
|
MARC
| LEADER | 00000nam a22000007a 4500 | ||
|---|---|---|---|
| 003 | cru CIDCACS/IIS | ||
| 005 | 20181004115315.0 | ||
| 007 | ta | ||
| 008 | 181004s1975 cr q||p|r||||||0| ||spa|d | ||
| 999 | |c 41758 |d 41758 | ||
| 040 | |c cru CIDCACS/IIS | ||
| 090 | |a REV0803 | ||
| 110 | 1 | |9 7768 |a Universidad Nacional de Costa Rica. |b Facultad de Filosofía y Letras. Departamento de Filosofía | |
| 245 | 1 | |a Praxis / |c Universidad Nacional. Facultad de Filosofía y Letras. Departamento de Filosofía | |
| 260 | |a Heredia, Costa Rica: |b UNA |c 1975- | ||
| 270 | |a Campus Universitario |b Heredia |c Heredia |d Costa Rica |e Apdo.86-3000 | ||
| 500 | |a EXISTENCIAS : 1975-1985 (1-34) 1989 (35-38) 1990 (39-40) 1992 (43-44) 2002 (55) 2005 (56-57) 2006 (58) | ||
| 650 | 0 | |9 2020 |a ECOLOGIA | |
| 650 | 0 | |9 194 |a ETICA | |
| 650 | 0 | |9 84 |a FILOSOFIA | |
| 650 | 0 | |9 341 |a MEDIO AMBIENTE | |
| 650 | 0 | |9 284 |a POBREZA | |
| 650 | 4 | |9 2017 |a CONTAMINACION | |
| 856 | |u http://www.revistas.una.ac.cr/index.php/praxis | ||
| 942 | |2 ddc |c PP | ||
